| 000 | 00642nam a2200205 i 4500 | ||
|---|---|---|---|
| 001 | 141625 | ||
| 003 | ES-MaACL | ||
| 005 | 20230906200331.0 | ||
| 007 | t| | ||
| 008 | 070926s1966 sp ||||1| spa d | ||
| 080 | _a248.1 | ||
| 100 | 1 |
_aVillota Elejalde, Juan Luis. _9115282 |
|
| 245 | 1 | 0 |
_aEstilo de vida para laicos / _cJuan Luis Villota Elejalde ; prólogo de Pablo Gúrpide Beope. |
| 260 |
_aBilbao : _bMensajero del Corazón de Jesús, _c1966. |
||
| 300 |
_aXV, 398 p. ; _c19 cm. |
||
| 650 | 4 |
_aVida espiritual. _912505 |
|
| 700 | 1 |
_aGurpide Beope, Julio. _9208371 |
|
| 852 |
_aES-MaACL _jC-29465 _bR.58312 |
||
| 999 |
_c141625 _d141625 |
||